[Event "Wch Seniors 65 29th"]
[Site "Bucharest"]
[Date "2019.11.21"]
[Round "9"]
[White "Levin, Evgeny"]
[Black "Alvarado Machado, Verny"]
[Result "0-1"]
[WhiteElo "1707"]
[BlackElo "1886"]
[PlyCount "95"]
[EventDate "2019.11.12"]
[EventType "swiss"]
[EventRounds "11"]
[EventCountry "ROU"]
[SourceTitle "CBM 193 Extra"]
[Source "ChessBase"]
[SourceDate "2020.01.31"]
[SourceVersion "1"]
[SourceVersionDate "2020.01.31"]
[SourceQuality "1"]

1. e4 Nc6 2. f4 e5 3. Nf3 d6 4. d3 Nf6 5. Be2 Be7 6. c4 0-0 7. 0-0 Bg4 8. Nc3 Bxf3 9. Bxf3 Nd4 10. Ne2 Nxe2+ 11. Qxe2 c6 12. Be3 Qc7 13. d4 c5 14. fxe5 dxe5 15. d5 Ne8 16. Qc2 Nd6 17. Bg4 b6 18. Rf2 Qd8 19. b3 Bg5 20. Bxg5 Qxg5 21. Qe2 a6 22. Rff1 Ra7 23. a4 a5 24. Bh3 Re7 25. Rae1 Rd8 26. Rf2 Qh4 27. Qg4 Qxg4 28. Bxg4 Ne8 29. h3 Rd6 30. Bd1 Rf6 31. Ref1 Rxf2 32. Kxf2 g6 33. Ke3 h5 34. g4 hxg4 35. hxg4 f6 36. Rh1 Rh7 37. Bf3 Rxh1 38. Bxh1 Kg7 39. Kf3 Kh6 40. Kg3 Kg5 41. Bg2 Nd6 42. Bf3 f5 43. gxf5 gxf5 44. exf5 Kxf5 45. Kf2 e4 46. Bd1 Ke5 47. Ke2 Kd4 48. Bc2 0-1

[Event "Wch Seniors 65 29th"]
[Site "Bucharest"]
[Date "2019.11.20"]
[Round "8"]
[White "Marshall, Michael"]
[Black "Levin, Evgeny"]
[Result "1/2-1/2"]
[WhiteElo "1887"]
[BlackElo "1707"]
[PlyCount "95"]
[EventDate "2019.11.12"]
[EventType "swiss"]
[EventRounds "11"]
[EventCountry "ROU"]
[SourceTitle "CBM 193 Extra"]
[Source "ChessBase"]
[SourceDate "2020.01.31"]
[SourceVersion "1"]
[SourceVersionDate "2020.01.31"]
[SourceQuality "1"]

1. d4 d5 2. Bf4 Nf6 3. e3 e6 4. c3 Bd6 5. Bg3 a6 6. Nd2 b6 7. Ngf3 Bb7 8. Bd3 Ne4 9. Bxd6 cxd6 10. 0-0 Nd7 11. c4 f5 12. cxd5 Bxd5 13. Rc1 0-0 14. Qe2 Bb7 15. Rc2 Rc8 16. Rfc1 Rxc2 17. Rxc2 Nb8 18. Bc4 Qd7 19. Bb3 b5 20. Rc1 Qe7 21. Nxe4 fxe4 22. Nd2 d5 23. Qg4 Kh8 24. Qg3 Nc6 25. a3 Rc8 26. f4 Nd8 27. Rxc8 Bxc8 28. Bd1 Nf7 29. Nb3 Nd6 30. Be2 Nb7 31. Qe1 Qc7 32. Qb4 Qd6 33. Qxd6 Nxd6 34. Nc5 Kg8 35. Kf1 Kf7 36. h3 g6 37. g4 h6 38. h4 Ne8 39. Ke1 Nc7 40. Kd2 a5 41. Ke1 Kg7 42. Kf2 Kf7 43. Kg3 Kg7 44. Kf2 Kf7 45. h5 gxh5 46. gxh5 Kf6 47. Kg3 Kf7 48. Kh4 1/2-1/2

[Event "Wch Seniors 65 29th"]
[Site "Bucharest"]
[Date "2019.11.19"]
[Round "7"]
[White "Gibbons, Robert"]
[Black "Levin, Evgeny"]
[Result "1/2-1/2"]
[WhiteElo "1891"]
[BlackElo "1707"]
[PlyCount "99"]
[EventDate "2019.11.12"]
[EventType "swiss"]
[EventRounds "11"]
[EventCountry "ROU"]
[SourceTitle "CBM 193 Extra"]
[Source "ChessBase"]
[SourceDate "2020.01.31"]
[SourceVersion "1"]
[SourceVersionDate "2020.01.31"]
[SourceQuality "1"]

1. d4 d5 2. Nf3 Nf6 3. g3 Nbd7 4. Bg2 e6 5. 0-0 c5 6. e3 Be7 7. b3 b6 8. Bb2 Bb7 9. Nbd2 Qc7 10. Rc1 c4 11. c3 a5 12. Re1 b5 13. a3 0-0 14. b4 axb4 15. axb4 Ra2 16. Qc2 Nb6 17. Ra1 Rxa1 18. Rxa1 Na4 19. Ba3 g6 20. Re1 Ne4 21. Nxe4 dxe4 22. Nd2 f5 23. f3 exf3 24. Nxf3 Be4 25. Qd2 Bf6 26. Rc1 Rd8 27. Ne1 Qc6 28. Bxe4 Qxe4 29. Qe2 Bg5 30. Kf2 Qd5 31. Qf3 Qd7 32. Rc2 Nb6 33. Bc1 Nd5 34. e4 Bxc1 35. exd5 Bh6 36. dxe6 Qxe6 37. Re2 Qf7 38. Qc6 Qd7 39. Qf3 Kf8 40. Ng2 Qd5 41. Nf4 Bxf4 42. gxf4 Qd7 43. Re5 Rb8 44. Ke3 Rd8 45. Qf2 Re8 46. Qg2 Rxe5+ 47. fxe5 f4+ 48. Kxf4 Qf5+ 49. Kg3 Qg5+ 50. Kh3 1/2-1/2

[Event "Wch Seniors 65 29th"]
[Site "Bucharest"]
[Date "2019.11.12"]
[Round "1"]
[White "Dovzhenko, Viktor"]
[Black "Levin, Evgeny"]
[Result "1-0"]
[WhiteElo "2079"]
[BlackElo "1707"]
[PlyCount "51"]
[EventDate "2019.11.12"]
[EventType "swiss"]
[EventRounds "11"]
[EventCountry "ROU"]
[SourceTitle "CBM 193 Extra"]
[Source "ChessBase"]
[SourceDate "2020.01.31"]
[SourceVersion "1"]
[SourceVersionDate "2020.01.31"]
[SourceQuality "1"]

1. e4 c5 2. Nf3 e6 3. d3 d6 4. g3 Nc6 5. Bg2 Nf6 6. c3 Be7 7. 0-0 Nd7 8. d4 0-0 9. a3 c4 10. b4 cxb3 11. Qxb3 Qb6 12. Qa2 Qc7 13. Bf4 e5 14. Be3 h6 15. Nbd2 Kh7 16. a4 b6 17. Rfc1 Na5 18. Qb2 Nf6 19. c4 Ng4 20. c5 Nxe3 21. cxd6 Qxd6 22. fxe3 exd4 23. Nxd4 Rb8 24. Nb5 Qd8 25. Nxa7 Bc5 26. Qc3 1-0

[Event "Chigorin Memorial 23rd"]
[Site "St Petersburg"]
[Date "2015.10.10"]
[Round "8"]
[White "Nikulina, Alena"]
[Black "Levin, Evgeny"]
[Result "1-0"]
[WhiteElo "2010"]
[BlackElo "1813"]
[PlyCount "41"]
[EventDate "2015.10.03"]
[EventType "swiss"]
[EventRounds "9"]
[EventCountry "RUS"]
[SourceTitle "CBM 168 Extra"]
[Source "ChessBase"]
[SourceDate "2015.10.29"]
[SourceVersion "1"]
[SourceVersionDate "2015.10.29"]
[SourceQuality "1"]

1. e4 c6 2. c4 g6 3. d4 Bg7 4. f4 d6 5. Nf3 Bg4 6. Be3 Nd7 7. Be2 Ngf6 8. Nc3 0-0 9. 0-0 Ne8 10. h3 Bxf3 11. Bxf3 e6 12. g4 Nc7 13. Qc2 e5 14. fxe5 dxe5 15. d5 Na6 16. Rad1 Qe7 17. a3 Rfd8 18. b4 cxd5 19. Nxd5 Qh4 20. Kh2 g5 21. Ne7+ 1-0

[Event "Chigorin Memorial 23rd"]
[Site "St Petersburg"]
[Date "2015.10.03"]
[Round "1"]
[White "Levin, Evgeny"]
[Black "Saveliev, Alexei"]
[Result "0-1"]
[WhiteElo "1813"]
[BlackElo "2253"]
[PlyCount "98"]
[EventDate "2015.10.03"]
[EventType "swiss"]
[EventRounds "9"]
[EventCountry "RUS"]
[SourceTitle "CBM 168 Extra"]
[Source "ChessBase"]
[SourceDate "2015.10.29"]
[SourceVersion "1"]
[SourceVersionDate "2015.10.29"]
[SourceQuality "1"]

1. c4 c5 2. Nc3 Nc6 3. g3 g6 4. Bg2 Bg7 5. e3 e5 6. Nge2 Nge7 7. 0-0 0-0 8. f4 d6 9. d3 f5 10. Nd5 Be6 11. Nec3 Kh8 12. a3 Bg8 13. Rb1 Rc8 14. Bd2 Re8 15. b4 cxb4 16. axb4 Nxd5 17. Nxd5 Ne7 18. Nxe7 Rxe7 19. e4 fxe4 20. Bxe4 exf4 21. Bxf4 Bxc4 22. Bf3 Bg8 23. Qa4 Qb6+ 24. Kg2 Rc3 25. Qa5 Rxd3 26. Qxb6 axb6 27. Rfd1 Rxd1 28. Rxd1 Be5 29. Bg5 Rc7 30. Re1 Kg7 31. Rc1 Rxc1 32. Bxc1 d5 33. Bd2 Kf6 34. Kf2 Ke6 35. b5 Bd4+ 36. Ke1 Bf7 37. Be2 Kd6 38. Bh6 Be6 39. Kd2 Bf6 40. Bf4+ Kc5 41. Be3+ d4 42. Bh6 Be7 43. Bf3 Kxb5 44. Bxb7 Bc5 45. Be4 Kb4 46. Bf4 Kb3 47. Be5 Bc4 48. Bc2+ Kb2 49. Bd3 b5 0-1

[Event "Chigorin Memorial 22nd"]
[Site "St Petersburg"]
[Date "2014.10.24"]
[Round "7"]
[White "Akopian, Agasi"]
[Black "Levin, Evgeny"]
[Result "1-0"]
[WhiteElo "1543"]
[BlackElo "1835"]
[PlyCount "109"]
[EventDate "2014.10.18"]
[EventType "swiss"]
[EventRounds "9"]
[EventCountry "RUS"]
[SourceTitle "EXT 2015"]
[Source "ChessBase"]
[SourceDate "2014.11.20"]
[SourceVersion "1"]
[SourceVersionDate "2014.11.20"]
[SourceQuality "1"]

1. e4 c6 2. d4 d5 3. exd5 cxd5 4. Nc3 a6 5. Nf3 Bg4 6. Be2 Nc6 7. 0-0 e6 8. Bf4 Nf6 9. Ne5 Bxe2 10. Nxe2 Nxe5 11. dxe5 Nd7 12. Nd4 g6 13. c3 h5 14. Qd2 Be7 15. h3 g5 16. Bh2 g4 17. Qe3 Bg5 18. f4 Bh6 19. Rad1 Qb6 20. b4 Rc8 21. Rd3 Qd8 22. Qg3 Rg8 23. hxg4 Rxg4 24. Qf3 Qe7 25. f5 Bg5 26. Bg3 Nf8 27. a4 Rc4 28. a5 Rc7 29. Rfd1 Nh7 30. Rf1 Kd8 31. Rf2 Bh6 32. Qd1 Ng5 33. f6 Qf8 34. Rf4 Rxf4 35. Bxf4 Ne4 36. Bxh6 Qxh6 37. Ne2 Qg5 38. Rxd5+ exd5 39. Qxd5+ Rd7 40. Qxe4 Qg4 41. Qe3 Rd1+ 42. Kf2 Qf5+ 43. Nf4 Kd7 44. Ke2 Qc2+ 45. Kf3 Rf1+ 46. Kg3 h4+ 47. Kg4 Rxf4+ 48. Qxf4 Qxc3 49. Kxh4 Ke6 50. g4 Qc2 51. Qd4 Qc6 52. Qd6+ Qxd6 53. exd6 Kxd6 54. g5 Ke6 55. Kh5 1-0

[Event "Chigorin Memorial 22nd"]
[Site "St Petersburg"]
[Date "2014.10.23"]
[Round "6"]
[White "Levin, Evgeny"]
[Black "Nikitinyh, Boris Aleksandrovic"]
[Result "0-1"]
[WhiteElo "1835"]
[BlackElo "2138"]
[PlyCount "42"]
[EventDate "2014.10.18"]
[EventType "swiss"]
[EventRounds "9"]
[EventCountry "RUS"]
[SourceTitle "EXT 2015"]
[Source "ChessBase"]
[SourceDate "2014.11.20"]
[SourceVersion "1"]
[SourceVersionDate "2014.11.20"]
[SourceQuality "1"]

1. c4 Nf6 2. Nc3 g6 3. g3 Bg7 4. Bg2 0-0 5. d4 d6 6. e4 Nc6 7. Nge2 e5 8. d5 Nd4 9. Nxd4 exd4 10. Ne2 Re8 11. f3 c5 12. dxc6 bxc6 13. Nxd4 Qa5+ 14. Kf2 Qc5 15. Be3 Rxe4 16. Nc2 Qf5 17. Kg1 Rxc4 18. Na3 Rb4 19. Qxd6 Rxb2 20. Qd8+ Bf8 21. Bh6 Qc5+ 0-1

[Event "Chigorin Memorial 22nd"]
[Site "St Petersburg"]
[Date "2014.10.22"]
[Round "5"]
[White "Yakovlev, Alexander"]
[Black "Levin, Evgeny"]
[Result "0-1"]
[WhiteElo "2156"]
[BlackElo "1835"]
[PlyCount "70"]
[EventDate "2014.10.18"]
[EventType "swiss"]
[EventRounds "9"]
[EventCountry "RUS"]
[SourceTitle "EXT 2015"]
[Source "ChessBase"]
[SourceDate "2014.11.20"]
[SourceVersion "1"]
[SourceVersionDate "2014.11.20"]
[SourceQuality "1"]

1. e4 c6 2. Nc3 d5 3. exd5 cxd5 4. Bb5+ Nc6 5. d4 Bf5 6. Nf3 e6 7. Ne5 Rc8 8. Qh5 Rc7 9. Bg5 Nf6 10. g4 Bxc2 11. Rc1 Bg6 12. Nxg6 fxg6 13. Qh3 Bd6 14. Qe3 Re7 15. Ne2 Qa5+ 16. Nc3 0-0 17. Bxc6 bxc6 18. Qd3 e5 19. 0-0 e4 20. Qe2 Qb6 21. Rfd1 Qb8 22. Na4 Bxh2+ 23. Kg2 Bf4 24. Bxf6 Rxf6 25. Rc2 g5 26. Nc5 Bd6 27. Nb3 Qc8 28. Na5 Bb4 29. Nb3 Rf3 30. a3 Qxg4+ 31. Kf1 Qh3+ 32. Kg1 Re6 33. Qf1 Qh5 34. axb4 Rxb3 35. Qg2 Qxd1+ 0-1

[Event "Chigorin Memorial 22nd"]
[Site "St Petersburg"]
[Date "2014.10.19"]
[Round "2"]
[White "Zherebtsova, Alexandra"]
[Black "Levin, Evgeny"]
[Result "1-0"]
[WhiteElo "2142"]
[BlackElo "1835"]
[PlyCount "91"]
[EventDate "2014.10.18"]
[EventType "swiss"]
[EventRounds "9"]
[EventCountry "RUS"]
[SourceTitle "EXT 2015"]
[Source "ChessBase"]
[SourceDate "2014.11.20"]
[SourceVersion "1"]
[SourceVersionDate "2014.11.20"]
[SourceQuality "1"]

1. f4 d5 2. Nf3 g6 3. g3 Bg7 4. Bg2 Nf6 5. 0-0 0-0 6. d3 c5 7. Qe1 d4 8. c3 Nc6 9. Na3 Nd5 10. Bd2 e5 11. fxe5 Nxe5 12. Nxe5 Bxe5 13. Nc4 Bg7 14. Rd1 Be6 15. e4 dxe3 16. Nxe3 Qd7 17. Qf2 Rac8 18. Bc1 b6 19. Nc4 Rcd8 20. Bg5 f6 21. Bc1 Bg4 22. Rde1 Rfe8 23. Nd2 Bh3 24. Ne4 Bxg2 25. Qxg2 Rf8 26. Qc2 Rde8 27. Qb3 Kh8 28. a4 Re6 29. a5 Rfe8 30. Bd2 h6 31. axb6 axb6 32. Nf2 Kh7 33. Rxe6 Rxe6 34. Re1 f5 35. Qd1 Qe7 36. Rxe6 Qxe6 37. Qf3 Bf8 38. Kg2 Bd6 39. c4 Ne7 40. Bc3 Bc7 41. b4 Qc6 42. Ne4 g5 43. b5 Qe6 44. Nf6+ Kh8 45. Qh5 Ng8 46. Qe8 1-0

[Event "Chigorin Memorial 22nd"]
[Site "St Petersburg"]
[Date "2014.10.18"]
[Round "1"]
[White "Levin, Evgeny"]
[Black "Yeletsky, Ivan"]
[Result "0-1"]
[WhiteElo "1835"]
[BlackElo "2284"]
[PlyCount "78"]
[EventDate "2014.10.18"]
[EventType "swiss"]
[EventRounds "9"]
[EventCountry "RUS"]
[SourceTitle "EXT 2015"]
[Source "ChessBase"]
[SourceDate "2014.11.20"]
[SourceVersion "1"]
[SourceVersionDate "2014.11.20"]
[SourceQuality "1"]

1. c4 Nf6 2. Nc3 d5 3. cxd5 Nxd5 4. g3 g6 5. Bg2 Nb6 6. Nf3 Bg7 7. d3 Nc6 8. 0-0 0-0 9. Be3 h6 10. Qd2 Kh7 11. Rac1 e5 12. Ne1 Nd4 13. f4 Nf5 14. Bxb6 axb6 15. Nf3 exf4 16. Qxf4 c6 17. h4 b5 18. Kh2 Qb6 19. Bh3 Ne3 20. Rg1 Bxh3 21. Kxh3 b4 22. Ne4 Nd5 23. Qd2 Rxa2 24. d4 Qc7 25. Rb1 Re8 26. Nf2 Qd7+ 27. Kh2 Ne3 28. Qd3 Qd5 29. Rge1 b6 30. Nh3 Ng4+ 31. Kg2 Re3 32. Nf4 Rxd3 33. Nxd5 Rb3 34. Nxb6 Rbxb2 35. Rxb2 Rxb2 36. Nc4 Rc2 37. Na5 Bf8 38. Kh3 Nf2+ 39. Kg2 Nd3 0-1